Statistiche per In quale anno? - Quiz n°30

Clicka qui per fare il quiz!

Statistiche generali

  • Questo quiz è stato fatto 7 volte
  • Il punteggio medio è 4 su 8

Statistiche sulle risposte

DomandaRisposta% Corretto
Roma: La Juventus si aggiudica la sua seconda Champions League. Allo Stadio Olimpico, i bianconeri battono 5-3 l'Ajax dopo i calci di rigore.1996
86%
Stati Uniti: vede la luce Paperino, personaggio di fumetti e cartoni animati di Walt Disney.1934
57%
Enrico VIII d'Inghilterra viene riconosciuto come capo supremo della Chiesa d'Inghilterra.1531
43%
Perù: Simón Bolívar diventa presidente del Perù.1823
43%
Charles Dickens pubblica il famoso racconto "A Christmas Carol".1843
43%
Si apre il Congresso di Berlino, che durerà fino al 13 luglio e a cui partecipano tutte le grandi potenze Europee.1878
43%
Il Canale di Panama apre al traffico con il passaggio della nave da carico statunitense Ancon.1914
43%
Londra, Inghilterra: Dorando Pietri, stremato dalla fatica, taglia per primo il traguardo della maratona olimpica sorretto da due giudici di gara. Per questo aiuto verrà poi squalificato e perderà la medaglia d'oro.1908
14%

Distribuzione punteggi

Percentile per numero di risposta

Percentuale di utenti per punteggio

I tuoi punteggi nel tempo

Non hai fatto questo quiz